000 01000nam a22003257a 4500
003 CHAP
005 20220817040804.0
008 971013s1969 r 00010 d
010 _a360
011 _a1332
035 _a508
040 _cCHAP
082 _a630.72
_bA54
110 _aAmerican Society of Agronomy. Madison, Wis.
_95293
245 _aResearch with a missions
260 _aMadison :
_bThe Society,
_c1969
300 _a61 p.
_b; gráfs.
490 _aASA special publication
_v; 14
500 _a36-73
590 _aBATCH-UPD
_b10
_c20130109
_lUCH01
_h2319
590 _aBATCH-UPD
_b10
_c20130110
_lUCH01
_h2143
590 _aBATCH-UPD
_b10
_c20130409
_lUCH01
_h1840
590 _aBATCH-UPD
_b10
_c20130914
_lUCH01
_h0501
590 _aCONVERSION
_b10
_c20130109
_lUCH01
_h1302
650 1 4 _aEnergía atómica en agricultura.
_936898
830 0 _aASA special publication
_v; 14
901 _aBK
942 _cLIBRO
949 _a630.72 A54
_bBC
_cLIBRO
_d33724000037214
_eLIBRO
_h76745
_i508
_si
999 _c360
_d360